Evil Dictators - Statistics

General Stats
  • This quiz has been taken 416 times
  • The average score is 13 of 26
Answer Stats
Hint Answer % Correct
North Korea- 1994-2011 Kim Jong-Il
98%
Cuba- 1959-2008 Fidel Castro
94%
Germany- 1933-1945 Adolf Hitler
91%
Soviet Union- 1922-1953 Joseph Stalin
85%
People's Republic of China- 1949-1976 Mao Zedong
82%
Italy- 1922-1943 Benito Mussolini
81%
Iraq- 1979-2003 Saddam Hussein
81%
Cambodia 1975-1979 Pol Pot
74%
Spain- 1939-1975 Francisco Franco
70%
Syria- 2000-Present Bashar Al-Assad
69%
Uganda- 1971-1979 Idi Amin
60%
Libya- 1969-2011 Muammar Al-Gaddafi
59%
Rome- 49BC-44BC Gaius Julius Caesar
56%
Zimbabwe- 1980-2017 Robert Mugabe
56%
Chile 1974-1990 Augusto Pinochet
50%
England- 1653-1658 Oliver Cromwell
50%
Iran- 1979-1989 Ruhollah khomeini
43%
Republic of China- 1948-1949, 1950-1975 Chiang Kai-Shek
34%
Romania- 1965-1989 Nicolae Ceaușescu
26%
German Democratic Republic- 1971-1989 Erich Honecker
24%
Portugal- 1932-1968 António de Oliveira Salazar
22%
Central African Republic/Empire- 1966-1979 Bokassa I
15%
Greece- 1967-1973 George Papadopoulos
11%
Tunisia- 1987-2011 Zine El Abidine Ben Ali
10%
Argentina- 1981-1982 Leopoldo Galtieri
6%
Eritrea- 1991-Present Isias Afewerki
3%
No matching quizzes found
Score Distribution
Percent of People with Each Score
Percentile by Number Answered
Your Score History
You have not taken this quiz